000 00566nam a2200169 4500
082 _a915.491
_bAHM
_cL-27, P-99
100 1 _aAhmad, Kazi Said Uddin,
_946121
245 1 2 _aA geography of Pakistan,
_cby Kazi S. Ahmad. Revised by K. U. Kureshy.
250 _a3d ed.
260 _aKarachi,
_bOxford University Press, Pakistan Branch,
_c1972.
300 _avi, 262 p.
_billus., maps.
_c19 cm.
526 _a0
_b0
_c0
_d915_491000000000000_AHM
526 _a0
_b0
_c0
_d915_491000000000000_AHM
650 _aNUST
_96342
700 1 _aKureshy, K. U.
_946122
942 _2ddc
_cBK
999 _c549465
_d549465